000 00969nam a22003137a 4500
001 BR0205750
003 BR-BrBNA
005 20230928101216.0
007 ta
008 230509b bl.||||| |||| 00| 0 por d
040 _aBR-BrBNA
_bpor
_cBiblioteca Nacional de Agricultura
041 _a(Por)
072 _aL73
_b5300
_b4060
090 _ 5300 BR0205750
100 1 _aPinto, J.M. da S.
110 1 _aUniversidade Federal de Minas Gerais, Belo Horizonte (Brasil). Escola Veterinária
_0Tese (Mestre em Medicina Veterinária)
_910845
245 1 _aOcorrência de helmintoses, em suínos criados na periferia de Itabuna - Bahia
260 3 _aBelo Horizonte, MG (Brasil):
_c2002.
300 _a30 p.
500 _aSummaries (Eng, Por); 37 ref.; 5 illus.
650 _aSUÍNO
650 _aDOENÇA ANIMAL
650 _aCISTICERCOSE
650 _aHELMINTO
650 _aCRIAÇÃO
650 _aBAHIA
909 _a202309
_bLucia
_c55
_dLucia Elande
942 _cBK
999 _c64726
_d64726